000 00607nam a2200181Ia 4500
003 LDD
008 190117s9999 xx 000 0 und d
020 _a8170167191
_c₹160
040 _cLDD
041 _ahi
082 _a8H3.7 भा6442
100 _aजोशी, हिमांशु
245 0 _aभारतीय भाषाओं की श्रेष्ठ कहानियाँ
_cहिमांशु जोशी
260 _aनयी दिल्ली
_bकिताबघर प्रकाशन
_c2005
300 _a172
904 _aReqst by : J.M. Parekh
942 _2ddc
_cH
999 _c159676
_d159676